| 000 | 00322cam a22001217a 4500 | ||
|---|---|---|---|
| 008 | 180718b1959 xxu||||| |||| 00| 0 eng d | ||
| 082 | _aL69x54 Ag15 | ||
| 100 | _aAgarwal, P. P. | ||
| 245 |
_aSystem of grants-in-aid in India _cby P. P. Agarwal |
||
| 260 |
_aBombay _bAsia _c1959 |
||
| 300 | _a92p. | ||
| 650 | _aCentral grants | ||
| 999 |
_c435085 _d435085 |
||